| 000 | 00784nam a2200217Ii 4500 | ||
|---|---|---|---|
| 003 | JO-AjNU | ||
| 008 | 230605s9999||||xx |||||||||||||| ||und|| | ||
| 017 | _a1993/5844 | ||
| 020 | _a977-212-010-0 | ||
| 040 |
_aJO-AjNU _bara _erda _cJO-AjNU |
||
| 041 | _aara | ||
| 050 | 1 | 4 | _aBP134.M4.M8388 1993 |
| 100 | 3 |
_aعبدالله، محمد محمود, _eauthor _916029 |
|
| 245 | 0 | 0 | _aالطب القراآني بين الغذاء والدواء |
| 264 | 3 | 1 | _aالاسكندرية: مؤسسة شباب الجامعية، 1993 |
| 300 | _a265ص | ||
| 336 |
_atext _btxt _2rdacontent |
||
| 337 |
_aunmediated _bn _2rdamedia |
||
| 338 |
_avolume _bnc _2rdacarrier |
||
| 650 | 4 |
_aالطب في القران - العلاج الديني -الاسلام والطب -الطب النبوي _916030 |
|
| 999 |
_aA4661 _c8229 _d8229 |
||